<?xml version="1.0" encoding="UTF-8"?>
<record
    xmlns:xsi="http://www.w3.org/2001/XMLSchema-instance"
    xsi:schemaLocation="http://www.loc.gov/MARC21/slim http://www.loc.gov/standards/marcxml/schema/MARC21slim.xsd"
    xmlns="http://www.loc.gov/MARC21/slim">

  <leader>00603nam a22001577a 4500</leader>
  <controlfield tag="003">OSt</controlfield>
  <controlfield tag="005">20160823092649.0</controlfield>
  <controlfield tag="008">160822b        xxu||||| |||| 00| 0 eng d</controlfield>
  <datafield tag="040" ind1=" " ind2=" ">
    <subfield code="c">RUA</subfield>
  </datafield>
  <datafield tag="082" ind1=" " ind2=" ">
    <subfield code="a">AGI SAN 2015 B512 Or.1</subfield>
  </datafield>
  <datafield tag="100" ind1=" " ind2=" ">
    <subfield code="9">9342</subfield>
    <subfield code="a">SANN BUNPHENG; &#x179F;&#x17B6;&#x1793;&#x17CB; &#x1794;&#x17CA;&#x17BB;&#x1793;&#x1795;&#x17C1;&#x1784;</subfield>
  </datafield>
  <datafield tag="245" ind1=" " ind2=" ">
    <subfield code="a">Efficiency if chitosan on quality of jujube storage. &#x1794;&#x17D2;&#x179A;&#x179F;&#x17B7;&#x1791;&#x17D2;&#x1792;&#x1797;&#x17B6;&#x1796;&#x1793;&#x17C3;&#x1781;&#x17C3;&#x178F;&#x17BC;&#x179F;&#x17B6;&#x1793;&#x179B;&#x17BE;&#x1782;&#x17BB;&#x178E;&#x1797;&#x17B6;&#x1796;&#x1795;&#x17D2;&#x179B;&#x17C2;&#x1796;&#x17BB;&#x1791;&#x17D2;&#x179A;&#x17B6;&#x1793;&#x17B7;&#x1784;&#x1780;&#x17B6;&#x179A;&#x179F;&#x17D2;&#x178A;&#x17BB;&#x1780;&#x1791;&#x17BB;&#x1780;</subfield>
  </datafield>
  <datafield tag="260" ind1=" " ind2=" ">
    <subfield code="a">RUA</subfield>
    <subfield code="b">SAN</subfield>
    <subfield code="c">2015</subfield>
  </datafield>
  <datafield tag="300" ind1=" " ind2=" ">
    <subfield code="a">viii,31p.</subfield>
    <subfield code="b">ill.</subfield>
    <subfield code="c">29cm.</subfield>
  </datafield>
  <datafield tag="942" ind1=" " ind2=" ">
    <subfield code="2">ddc</subfield>
    <subfield code="c">AGI</subfield>
  </datafield>
  <datafield tag="999" ind1=" " ind2=" ">
    <subfield code="c">8995</subfield>
    <subfield code="d">8995</subfield>
  </datafield>
  <datafield tag="952" ind1=" " ind2=" ">
    <subfield code="0">0</subfield>
    <subfield code="1">0</subfield>
    <subfield code="2">ddc</subfield>
    <subfield code="4">0</subfield>
    <subfield code="6">AGI_SAN_2015_000000000000000_B512_OR_1</subfield>
    <subfield code="7">0</subfield>
    <subfield code="9">50423</subfield>
    <subfield code="a">LBB</subfield>
    <subfield code="b">LBB</subfield>
    <subfield code="c">B512</subfield>
    <subfield code="d">2016-08-22</subfield>
    <subfield code="o">AGI SAN 2015 B512 Or.1</subfield>
    <subfield code="p">RUA060693</subfield>
    <subfield code="r">2016-08-22</subfield>
    <subfield code="w">2016-08-22</subfield>
    <subfield code="y">AGI</subfield>
  </datafield>
  <datafield tag="952" ind1=" " ind2=" ">
    <subfield code="0">0</subfield>
    <subfield code="1">0</subfield>
    <subfield code="2">ddc</subfield>
    <subfield code="4">0</subfield>
    <subfield code="6">AGI_SAN_2015_000000000000000_B512_OR_2</subfield>
    <subfield code="7">0</subfield>
    <subfield code="9">50424</subfield>
    <subfield code="a">LBB</subfield>
    <subfield code="b">LBB</subfield>
    <subfield code="c">B512</subfield>
    <subfield code="d">2016-08-22</subfield>
    <subfield code="o">AGI SAN 2015 B512 Or.2</subfield>
    <subfield code="p">RUA060515</subfield>
    <subfield code="r">2016-08-22</subfield>
    <subfield code="w">2016-08-22</subfield>
    <subfield code="y">AGI</subfield>
  </datafield>
  <datafield tag="952" ind1=" " ind2=" ">
    <subfield code="0">0</subfield>
    <subfield code="1">0</subfield>
    <subfield code="2">ddc</subfield>
    <subfield code="4">0</subfield>
    <subfield code="6">AGI_SAN_2015_000000000000000_B512_OR_3</subfield>
    <subfield code="7">0</subfield>
    <subfield code="9">50425</subfield>
    <subfield code="a">LBB</subfield>
    <subfield code="b">LBB</subfield>
    <subfield code="c">B512</subfield>
    <subfield code="d">2016-08-22</subfield>
    <subfield code="o">AGI SAN 2015 B512 Or.3</subfield>
    <subfield code="p">RUA060813</subfield>
    <subfield code="r">2016-08-22</subfield>
    <subfield code="w">2016-08-22</subfield>
    <subfield code="y">AGI</subfield>
  </datafield>
  <datafield tag="952" ind1=" " ind2=" ">
    <subfield code="0">0</subfield>
    <subfield code="1">0</subfield>
    <subfield code="2">ddc</subfield>
    <subfield code="4">0</subfield>
    <subfield code="6">AGI_SAN_2015_000000000000000_B512_OR_4</subfield>
    <subfield code="7">0</subfield>
    <subfield code="9">50426</subfield>
    <subfield code="a">LBB</subfield>
    <subfield code="b">LBB</subfield>
    <subfield code="c">B512</subfield>
    <subfield code="d">2016-08-22</subfield>
    <subfield code="l">1</subfield>
    <subfield code="o">AGI SAN 2015 B512 Or.4</subfield>
    <subfield code="p">RUA061061</subfield>
    <subfield code="r">2019-11-26</subfield>
    <subfield code="s">2019-11-15</subfield>
    <subfield code="w">2016-08-22</subfield>
    <subfield code="y">AGI</subfield>
  </datafield>
  <datafield tag="952" ind1=" " ind2=" ">
    <subfield code="0">0</subfield>
    <subfield code="1">0</subfield>
    <subfield code="2">ddc</subfield>
    <subfield code="4">0</subfield>
    <subfield code="6">AGI_SAN_2015_000000000000000_B512_OR_5</subfield>
    <subfield code="7">0</subfield>
    <subfield code="9">50427</subfield>
    <subfield code="a">LBB</subfield>
    <subfield code="b">LBB</subfield>
    <subfield code="c">B512</subfield>
    <subfield code="d">2016-08-22</subfield>
    <subfield code="o">AGI SAN 2015 B512 Or.5</subfield>
    <subfield code="p">RUA060753</subfield>
    <subfield code="r">2016-08-22</subfield>
    <subfield code="w">2016-08-22</subfield>
    <subfield code="y">AGI</subfield>
  </datafield>
  <datafield tag="952" ind1=" " ind2=" ">
    <subfield code="0">0</subfield>
    <subfield code="1">0</subfield>
    <subfield code="2">ddc</subfield>
    <subfield code="4">0</subfield>
    <subfield code="6">AGI_SAN_2015_000000000000000_B512_OR_6</subfield>
    <subfield code="7">0</subfield>
    <subfield code="9">50428</subfield>
    <subfield code="a">LBB</subfield>
    <subfield code="b">LBB</subfield>
    <subfield code="c">B512</subfield>
    <subfield code="d">2016-08-22</subfield>
    <subfield code="o">AGI SAN 2015 B512 Or.6</subfield>
    <subfield code="p">RUA061186</subfield>
    <subfield code="r">2016-08-22</subfield>
    <subfield code="w">2016-08-22</subfield>
    <subfield code="y">AGI</subfield>
  </datafield>
  <datafield tag="952" ind1=" " ind2=" ">
    <subfield code="0">0</subfield>
    <subfield code="1">0</subfield>
    <subfield code="2">ddc</subfield>
    <subfield code="4">0</subfield>
    <subfield code="6">AGI_SAN_2015_000000000000000_B512_OR_7</subfield>
    <subfield code="7">0</subfield>
    <subfield code="9">50429</subfield>
    <subfield code="a">LBB</subfield>
    <subfield code="b">LBB</subfield>
    <subfield code="c">B512</subfield>
    <subfield code="d">2016-08-22</subfield>
    <subfield code="o">AGI SAN 2015 B512 Or.7</subfield>
    <subfield code="p">RUA060487</subfield>
    <subfield code="r">2016-08-22</subfield>
    <subfield code="w">2016-08-22</subfield>
    <subfield code="y">AGI</subfield>
  </datafield>
  <datafield tag="952" ind1=" " ind2=" ">
    <subfield code="0">0</subfield>
    <subfield code="1">0</subfield>
    <subfield code="2">ddc</subfield>
    <subfield code="4">0</subfield>
    <subfield code="6">AGI_SAN_2015_000000000000000_B512_OR_8</subfield>
    <subfield code="7">0</subfield>
    <subfield code="9">50430</subfield>
    <subfield code="a">LBB</subfield>
    <subfield code="b">LBB</subfield>
    <subfield code="c">B512</subfield>
    <subfield code="d">2016-08-22</subfield>
    <subfield code="l">2</subfield>
    <subfield code="o">AGI SAN 2015 B512 Or.8</subfield>
    <subfield code="p">RUA061126</subfield>
    <subfield code="r">2017-09-02</subfield>
    <subfield code="s">2017-09-02</subfield>
    <subfield code="w">2016-08-22</subfield>
    <subfield code="y">AGI</subfield>
  </datafield>
</record>
